000 00256nam a2200109Ia 4500
001 587520
005 20250717113817.0
008 250717s9999 xx 000 0 und d
245 0 _aX-10 KURTLAR
_cLAURA MARSH
260 _bBETA YAYINLARI
_c2020
300 _b32
999 _c587520
_d587520